01551 a2200217 45000010006000000050017000060080041000230030015000640400040000790800039001192450045001580200022002032500011002252640034002363000023002705050889002930410008011821000023011907000021012138560099012346037620260407155854.0260407a2017 arg spa dAR-UNSa-BCEJYS aAR-UNSa-BCEJYSbspacAR-UNSa-BCEJYS a657.6xAuditoria (control interno)10aDue diligence para abogados y contadores a978-987-01-2043-8 a2a. ed 1aBuenos Aires :bErreparc2017 axl, 595 p.c22 cm. a1. El concepto de due diligence para abogados - 2. El concepto de due diligence para contadores - 3. La etapa preliminar en la estructuración del due diligence legal y contable-tributario - 4. Etapas en la evolución de un due diligence legal y contable-tributario - 5. Consideraciones adicionales respecto de las etapas de un due diligence contable - 6. ¿Qué son las contingencias? - 7. Análisis de riesgos en el due diligence - 8. Due diligence para la compra de un fondo de comercio - 9. Due diligence para la adquisición de control sobre una compañía objetivo - 10. Due diligence sobre temas jurídicos estructurales - 11. Due diligence laboral - 12. Due diligence previsional - 13. Naturaleza del trabajo del due diligence contable - 14. Procedimientos básicos de un due diligence contable - 15. Due diligence impositivo - 16. Informe del due diligence contable  aspa1 aEguía, José L.1 aPapa, Rodolfo G.41uhttps://www.biblioeco.unsa.edu.ar/pmb/images/libros/L129131.jpgyImagen de portadaqimage/jpeg